[Event "Wch U12"]
[Site "Montesilvano"]
[Date "2024.11.25"]
[Round "10"]
[White "Anagnostopoulos, Panagiotis1"]
[Black "Radnaev, Leo"]
[Result "0-1"]
[WhiteElo "1848"]
[BlackElo "1990"]
[PlyCount "168"]
[EventDate "2024.11.15"]
[EventType "swiss"]
[EventRounds "11"]
[EventCountry "ITA"]
[SourceTitle "CB48_2024"]
[SourceDate "2024.11.28"]
[SourceVersion "1"]
[SourceVersionDate "2024.11.28"]
[SourceQuality "1"]

1. Nf3 Nf6 2. c4 g6 3. b3 Bg7 4. Bb2 0-0 5. g3 d6 6. Bg2 e5 7. d3 a5 8. 0-0 Na6 9. Nfd2 Nd7 10. Nc3 c6 11. a3 Rb8 12. Rb1 Nf6 13. Na2 Re8 14. b4 axb4 15. axb4 d5 16. b5 cxb5 17. cxb5 Nc7 18. b6 Na6 19. Ba1 Qd6 20. Qb3 Be6 21. Rfc1 Nd7 22. Qb5 Rec8 23. Qb2 Bf6 24. Qb5 Kg7 25. Rxc8 Rxc8 26. Qb2 Rc6 27. e4 d4 28. Nc1 Rxb6 29. Qc2 Rxb1 30. Qxb1 Qb4 31. Qc2 Qc5 32. Qd1 Nb4 33. f4 Qc2 34. Qxc2 Nxc2 35. Bb2 Nc5 36. fxe5 Bg5 37. Nf3 Be3+ 38. Kf1 Na4 39. Nxd4 Bxd4 40. Bxd4 Nxd4 41. Kf2 Nc6 42. Ke3 Nxe5 43. d4 Ng4+ 44. Kd3 f6 45. d5 Bd7 46. Nb3 Kf7 47. Kd4 Ke7 48. h3 Nf2 49. h4 Kd6 50. Na5 Kc7 51. Nc4 Bb5 52. Na3 Ba6 53. e5 fxe5+ 54. Kxe5 b5 55. Ke6 Nc5+ 56. Ke7 Nb7 57. Nc2 Nd6 58. Nd4 Bc8 59. Bf1 Bd7 60. Bxb5 Nxb5 61. Nf3 Nd6 62. Ng5 h6 63. Nh7 Nfe4 64. Nf8 Bf5 65. g4 Bxg4 66. Nxg6 Nf5+ 67. Kf8 Kd6 68. Kg8 Kxd5 69. Kh7 Nf6+ 70. Kh8 Ke6 71. h5 Nxh5 72. Kh7 Nf6+ 73. Kh8 Nd5 74. Kh7 h5 75. Kh8 Bd1 76. Kh7 Bc2 77. Kh8 Bb1 78. Nf8+ Kf7 79. Nh7 Kg6 80. Nf8+ Kg5 81. Kh7 h4 82. Ne6+ Kg4 83. Nc5 h3 84. Nd7 h2 0-1

[Event "Wch U12"]
[Site "Montesilvano"]
[Date "2024.11.24"]
[Round "9"]
[White "Radnaev, Leo"]
[Black "Mai, Duc Kien"]
[Result "0-1"]
[WhiteElo "1990"]
[BlackElo "1771"]
[PlyCount "96"]
[EventDate "2024.11.15"]
[EventType "swiss"]
[EventRounds "11"]
[EventCountry "ITA"]
[SourceTitle "CB48_2024"]
[SourceDate "2024.11.28"]
[SourceVersion "1"]
[SourceVersionDate "2024.11.28"]
[SourceQuality "1"]

1. e4 c5 2. Nf3 d6 3. d4 cxd4 4. Nxd4 Nf6 5. Nc3 g6 6. f3 Bg7 7. Be3 0-0 8. Qd2 Nc6 9. 0-0-0 d5 10. Qe1 e5 11. Nxc6 bxc6 12. exd5 Nxd5 13. Bc5 Be6 14. Ne4 f5 15. Bxf8 Bxf8 16. Nd2 Qf6 17. Nc4 Bg7 18. c3 Rb8 19. Bd3 Nf4 20. Bf1 Bd5 21. Qf2 Qf7 22. b3 Bh6 23. Kc2 Bg7 24. g3 Ne6 25. Ne3 Rd8 26. Bc4 Nc7 27. Rd2 Qf6 28. Nd1 Bh6 29. Rd3 Nb5 30. Rxd5 Na3+ 31. Kb2 Nxc4+ 32. bxc4 cxd5 33. Kc2 dxc4 34. f4 exf4 35. gxf4 Qa6 36. Nb2 Qxa2 37. Qe2 Qb3+ 38. Kb1 Rb8 39. Rd1 Bg7 40. Rc1 Bxc3 41. Rxc3 Qxc3 42. Qe6+ Kh8 43. Qe5+ Qxe5 44. fxe5 c3 45. e6 cxb2 46. e7 f4 47. h4 f3 48. h5 gxh5 0-1

[Event "Wch U12"]
[Site "Montesilvano"]
[Date "2024.11.22"]
[Round "7"]
[White "Radnaev, Leo"]
[Black "Wang, Zihao3"]
[Result "0-1"]
[WhiteElo "1990"]
[BlackElo "1773"]
[PlyCount "98"]
[EventDate "2024.11.15"]
[EventType "swiss"]
[EventRounds "11"]
[EventCountry "ITA"]
[SourceTitle "CB48_2024"]
[SourceDate "2024.11.28"]
[SourceVersion "1"]
[SourceVersionDate "2024.11.28"]
[SourceQuality "1"]

1. e4 c5 2. Nf3 e6 3. d4 cxd4 4. Nxd4 Nc6 5. Nc3 Qc7 6. a3 a6 7. Be3 b5 8. Bd3 Bb7 9. 0-0 Nf6 10. Kh1 Be7 11. f4 d6 12. Qf3 0-0 13. g4 Nxd4 14. Bxd4 e5 15. Be3 exf4 16. Bxf4 Nd7 17. Nd5 Bxd5 18. exd5 Bf6 19. c3 g6 20. Rae1 Ne5 21. Bxe5 Bxe5 22. Kg2 Qd8 23. Qf2 Qg5 24. Be2 Rab8 25. Rd1 a5 26. h4 Qd8 27. Rd3 b4 28. Rf3 Qd7 29. Rh3 bxc3 30. bxc3 Rb2 31. h5 Qa4 32. Qf3 Bg7 33. Rf2 Qxa3 34. Qd3 Qc5 35. hxg6 fxg6 36. Rxf8+ Bxf8 37. Rf3 Qc8 38. Rf2 Qe8 39. Qf3 a4 40. Bd3 Rxf2+ 41. Kxf2 Bg7 42. c4 Bd4+ 43. Kf1 a3 44. Bb1 Qb8 45. Qe4 Qf8+ 46. Ke2 Qf2+ 47. Kd3 Be5 48. Qe2 Qd4+ 49. Kc2 Qb2+ 0-1

[Event "Wch U12"]
[Site "Montesilvano"]
[Date "2024.11.20"]
[Round "6"]
[White "Baturin Vinogradov, Miroslav"]
[Black "Radnaev, Leo"]
[Result "1-0"]
[WhiteElo "2048"]
[BlackElo "1990"]
[PlyCount "141"]
[EventDate "2024.11.15"]
[EventType "swiss"]
[EventRounds "11"]
[EventCountry "ITA"]
[SourceTitle "CB48_2024"]
[SourceDate "2024.11.28"]
[SourceVersion "1"]
[SourceVersionDate "2024.11.28"]
[SourceQuality "1"]

1. d4 Nf6 2. c4 g6 3. g3 Bg7 4. Bg2 0-0 5. Nc3 d6 6. Nf3 Nc6 7. 0-0 a6 8. b3 Bd7 9. Bb2 Rb8 10. Rc1 b5 11. d5 Na5 12. cxb5 axb5 13. Nd4 e6 14. dxe6 fxe6 15. Qd2 c5 16. Nf3 b4 17. Nb1 Qb6 18. Rcd1 Nb7 19. Ng5 d5 20. Qc2 Rbd8 21. Nd2 Nd6 22. e4 Ndxe4 23. Ndxe4 dxe4 24. Nxe4 Nxe4 25. Bxe4 Bc6 26. Bxg7 Kxg7 27. Qb2+ Kf7 28. Qe5 Bxe4 29. Qxe4 Qc7 30. Rfe1 Rd6 31. Qf4+ Ke7 32. Qh4+ Ke8 33. Rxd6 Qxd6 34. Qxh7 e5 35. Qg7 Rf6 36. Qg8+ Ke7 37. Qh7+ Kf8 38. Qh6+ Kf7 39. Qe3 Rf5 40. Qe2 Ke7 41. Rd1 Qc6 42. Qd2 Qc7 43. Qd5 Rf6 44. Qg8 Qb6 45. Qg7+ Ke8 46. Qd7+ Kf8 47. Qc8+ Kg7 48. Qe8 c4 49. Rd7+ Kh6 50. Qh8+ Kg5 51. Qh4+ Kf5 52. Qxc4 g5 53. Qd3+ Ke6 54. Qd5+ Kf5 55. Qf3+ Ke6 56. Qg4+ Rf5 57. Re7+ Kxe7 58. Qxf5 Qd4 59. Qxg5+ Ke6 60. Qg6+ Ke7 61. Qc2 Qc3 62. Qe2 Qc1+ 63. Kg2 Qc6+ 64. f3 Kf6 65. h4 Qc1 66. h5 Qg5 67. Qa6+ Ke7 68. Qb7+ Kd8 69. Qxb4 Qxh5 70. Qh4+ Qxh4 71. gxh4 1-0

[Event "Wch U12"]
[Site "Montesilvano"]
[Date "2024.11.16"]
[Round "2"]
[White "Negrean, Andrei"]
[Black "Radnaev, Leo"]
[Result "1-0"]
[WhiteElo "2255"]
[BlackElo "1990"]
[PlyCount "120"]
[EventDate "2024.11.15"]
[EventType "swiss"]
[EventRounds "11"]
[EventCountry "ITA"]
[SourceTitle "CB48_2024"]
[SourceDate "2024.11.28"]
[SourceVersion "1"]
[SourceVersionDate "2024.11.28"]
[SourceQuality "1"]

1. Nf3 Nf6 2. c4 g6 3. Nc3 Bg7 4. e4 d6 5. d4 0-0 6. Be2 e5 7. 0-0 Nc6 8. Be3 Ng4 9. Bg5 f6 10. Bc1 Nh6 11. c5 Ne7 12. dxe5 dxe5 13. Bc4+ Kh8 14. Qxd8 Rxd8 15. Nb5 Bd7 16. Nxc7 Rac8 17. Ne6 Bxe6 18. Bxe6 Rxc5 19. Bd2 Rc6 20. Bb3 Rcc8 21. Rac1 Nhg8 22. Be3 Nc6 23. Be6 Ra8 24. Rfd1 Nge7 25. Kf1 Rxd1+ 26. Rxd1 Rd8 27. Rc1 Rd6 28. Bb3 Rd8 29. Bc5 Nc8 30. Bd5 Nb6 31. Bxc6 bxc6 32. Bxb6 axb6 33. Rxc6 Rb8 34. Ke2 Kg8 35. Nd2 b5 36. Nb3 b4 37. Nc5 Bf8 38. Na6 Rb5 39. Nc7 Ra5 40. Ra6 Rc5 41. Ne6 Rc8 42. Ra7 Bd6 43. Rg7+ Kh8 44. Rd7 Bb8 45. Rd8+ Rxd8 46. Nxd8 Ba7 47. Nc6 Bc5 48. f3 b3 49. axb3 Kg7 50. Kd3 Bg1 51. h3 Kh6 52. b4 Kg5 53. Ne7 Kf4 54. Ke2 f5 55. Nd5+ Kg3 56. Kf1 Bd4 57. b3 fxe4 58. fxe4 Kh2 59. b5 g5 60. b6 h5 1-0

[Event "Ceske Budejovice op"]
[Site "Ceske Budejovice"]
[Date "2024.07.05"]
[Round "7"]
[White "Navratil, Ladislav"]
[Black "Radnaev, Leo"]
[Result "1-0"]
[WhiteElo "1851"]
[BlackElo "1883"]
[PlyCount "69"]
[EventDate "2024.06.29"]
[EventType "swiss"]
[EventRounds "9"]
[EventCountry "CZE"]
[SourceTitle "CBM 221 Extra"]
[Source "ChessBase"]
[SourceDate "2024.09.30"]
[SourceVersion "1"]
[SourceVersionDate "2024.09.30"]
[SourceQuality "1"]

1. c4 Nf6 2. d4 g6 3. g3 Bg7 4. Bg2 d6 5. Nc3 0-0 6. Nf3 Nbd7 7. 0-0 e5 8. e4 c6 9. Bg5 h6 10. Bd2 Qe7 11. d5 cxd5 12. cxd5 Ne8 13. Qc2 b6 14. Rac1 a5 15. a3 Ba6 16. Rfe1 Rc8 17. Bh3 Ra8 18. b4 axb4 19. axb4 Bc4 20. Ra1 Nef6 21. Be3 Ba6 22. b5 Bb7 23. Na4 Rfc8 24. Qb1 Qd8 25. Qb4 Bf8 26. Nd2 g5 27. Bf5 Rc5 28. Nxc5 dxc5 29. Qc3 Bg7 30. Nc4 Qe7 31. Rxa8+ Bxa8 32. Ra1 Qd8 33. Qa3 Bb7 34. Qa7 Qc7 35. d6 1-0

[Event "Ceske Budejovice op"]
[Site "Ceske Budejovice"]
[Date "2024.07.01"]
[Round "3"]
[White "Matlocha, Lubomir"]
[Black "Radnaev, Leo"]
[Result "0-1"]
[WhiteElo "1758"]
[BlackElo "1883"]
[PlyCount "150"]
[EventDate "2024.06.29"]
[EventType "swiss"]
[EventRounds "9"]
[EventCountry "CZE"]
[SourceTitle "CBM 221 Extra"]
[Source "ChessBase"]
[SourceDate "2024.09.30"]
[SourceVersion "1"]
[SourceVersionDate "2024.09.30"]
[SourceQuality "1"]

1. d4 Nf6 2. c4 g6 3. Nc3 Bg7 4. Nf3 0-0 5. g3 d6 6. Bg2 Nbd7 7. 0-0 e5 8. e3 Ne8 9. e4 h6 10. Be3 f5 11. Qd2 Kh7 12. exf5 gxf5 13. dxe5 dxe5 14. Bh3 Nd6 15. b3 e4 16. Ne1 b5 17. Bd4 bxc4 18. Bxg7 Kxg7 19. Nd5 Nf6 20. Nc2 cxb3 21. Nce3 Nxd5 22. Nxd5 Ba6 23. Rfc1 Rf7 24. axb3 Bb7 25. Nf4 Qe8 26. Qd4+ Kh7 27. Rc5 Qe7 28. Re5 Qd7 29. Rd1 Rd8 30. Ne6 Re8 31. Nc5 Qc6 32. Rxe8 Qxe8 33. Re1 Qc6 34. Nxb7 Qxb7 35. b4 Qc6 36. Bf1 Rf8 37. Qe5 Qd7 38. Rd1 Kg6 39. h4 Re8 40. Qd4 Qa4 41. Rc1 Qd7 42. Qxa7 Re7 43. Be2 e3 44. f3 Qe6 45. Rxc7 Rxc7 46. Qxc7 Qe5 47. Kg2 Qd4 48. Qc2 Qxb4 49. Kf1 Qd4 50. Qd3 Qc5 51. Bd1 Nb5 52. Qc2 Nc3 53. Be2 Qa3 54. Bd3 Kf6 55. g4 f4 56. Bc4 Qa5 57. h5 Qa1+ 58. Kg2 Qe1 59. Qf5+ Ke7 60. Qe6+ Kd8 61. Qb6+ Kd7 62. Qb7+ Kd6 63. Qa6+ Kc5 64. Bf1 e2 65. Qa5+ Kd4 66. Qb4+ Kd3 67. Qd6+ Kc2 68. Qg6+ Kc1 69. Bxe2 Qxe2+ 70. Kg1 Qe1+ 71. Kg2 Qg3+ 72. Kf1 Qxf3+ 73. Kg1 Ne2+ 74. Kh2 Qg3+ 75. Kh1 Qg1# 0-1

[Event "AUT-ch U12"]
[Site "Fuerstenfeld"]
[Date "2024.05.31"]
[Round "4"]
[White "Rella, Mario"]
[Black "Radnaev, Leo"]
[Result "0-1"]
[WhiteElo "1585"]
[BlackElo "1883"]
[PlyCount "132"]
[EventDate "2024.05.30"]
[EventType "swiss"]
[EventRounds "7"]
[EventCountry "AUT"]
[SourceTitle "CBM 220 Extra"]
[Source "ChessBase"]
[SourceDate "2024.07.31"]
[SourceVersion "1"]
[SourceVersionDate "2024.07.31"]
[SourceQuality "1"]

1. d4 Nf6 2. Nf3 g6 3. c4 Bg7 4. Nc3 0-0 5. e4 d6 6. Be2 e5 7. dxe5 dxe5 8. Qxd8 Rxd8 9. Bg5 c6 10. Nxe5 Re8 11. 0-0-0 Nxe4 12. Nxe4 Bxe5 13. Bf6 Bf4+ 14. Kb1 Bf5 15. f3 Nd7 16. Bc3 Nc5 17. Ka1 Nxe4 18. fxe4 Rxe4 19. Bd3 Re3 20. Bxf5 gxf5 21. Rhf1 Be5 22. Bxe5 Rxe5 23. b3 Rae8 24. Rd2 Kg7 25. Rg1 Kg6 26. Rf2 Kg5 27. Rd1 Re1 28. Rxe1 Rxe1+ 29. Kb2 f4 30. Kc2 h5 31. Kd2 Re7 32. Kc2 f5 33. Kc3 c5 34. Kd2 Re4 35. Kd3 Kg4 36. Rf3 h4 37. Kd2 Kg5 38. Kd3 Re1 39. h3 Rd1+ 40. Kc3 Rd4 41. Kc2 Kf6 42. Kc3 Ke5 43. Kc2 Ke4 44. Rc3 Rd7 45. Rf3 Rg7 46. Rf2 Ke3 47. Rf3+ Ke4 48. Rf2 Rg3 49. Re2+ Re3 50. Kd2 Rxe2+ 51. Kxe2 f3+ 52. gxf3+ Kf4 53. Kf2 a6 54. a3 a5 55. a4 b6 56. Kg2 Ke3 57. f4 Kxf4 58. Kf2 Ke4 59. Ke2 f4 60. Kf2 f3 61. Ke1 Ke3 62. Kf1 f2 63. Kg2 Ke2 64. Kh2 f1Q 65. b4 Kf2 66. b5 Qg2# 0-1

[Event "AUT-chT U18 rapid"]
[Site "Vienna"]
[Date "2023.10.29"]
[Round "5.5"]
[White "Doersieb, Bianca"]
[Black "Radnaev, Leo"]
[Result "0-1"]
[WhiteElo "1298"]
[BlackElo "1792"]
[PlyCount "142"]
[EventDate "2023.10.29"]
[EventType "team-swiss"]
[EventRounds "7"]
[EventCountry "AUT"]
[SourceTitle "CBM 216 Extra"]
[Source "ChessBase"]
[SourceDate "2023.11.30"]
[SourceVersion "1"]
[SourceVersionDate "2023.11.30"]
[SourceQuality "1"]
[WhiteTeam "Oberoesterreich U18"]
[BlackTeam "Vienna U18"]
[WhiteTeamCountry "AUT"]
[BlackTeamCountry "AUT"]

1. e4 c5 2. Nf3 d6 3. d4 cxd4 4. Nxd4 Nf6 5. Nc3 a6 6. Be3 e5 7. Nf3 Be6 8. Bd3 Be7 9. h3 h6 10. Rb1 Nbd7 11. a3 0-0 12. Ne2 b5 13. Ng3 Nb6 14. 0-0 Rc8 15. Re1 Qc7 16. Qd2 Nc4 17. Bxc4 Qxc4 18. Qa5 Qa4 19. Qxa4 bxa4 20. Rec1 Rb8 21. c4 Rfc8 22. Nd2 Nd7 23. Nf5 Bxf5 24. exf5 Nc5 25. Bxc5 Rxc5 26. Ne4 Rc6 27. Rc3 Rb3 28. Rxb3 axb3 29. Nd2 Bg5 30. Nxb3 Rxc4 31. Rd1 Be7 32. Rd2 Kf8 33. Kf1 Ke8 34. Ke2 Kd7 35. Na5 Rc7 36. Kd3 Bg5 37. Re2 Rc1 38. g3 h5 39. Nc4 f6 40. h4 Bh6 41. Rc2 Rd1+ 42. Kc3 d5 43. Ne3 d4+ 44. Kc4 dxe3 45. fxe3 Bxe3 46. Kb3 Rd3+ 47. Kc4 Rd4+ 48. Kb3 Rd2 49. Rc3 Bd4 50. Rc2 Rxc2 51. Kxc2 Bf2 52. b4 Bxg3 53. a4 Bxh4 54. b5 axb5 55. axb5 Bf2 56. Kd3 h4 57. Ke2 Bb6 58. Kf3 Kd6 59. Kg4 Kc5 60. Kxh4 Kxb5 61. Kg4 Kc4 62. Kf3 Kd3 63. Kg4 e4 64. Kh5 e3 65. Kg6 e2 66. Kxg7 e1Q 67. Kxf6 Bd4+ 68. Kg6 Qg3+ 69. Kf7 Qg7+ 70. Ke6 Qf6+ 71. Kd7 Qxf5+ 0-1

[Event "AUT-chT U18 rapid"]
[Site "Vienna"]
[Date "2023.10.29"]
[Round "7.5"]
[White "Radnaev, Leo"]
[Black "Chen, Chicheng Leon"]
[Result "0-1"]
[WhiteElo "1792"]
[BlackElo "1363"]
[PlyCount "122"]
[EventDate "2023.10.29"]
[EventType "team-swiss"]
[EventRounds "7"]
[EventCountry "AUT"]
[SourceTitle "CBM 216 Extra"]
[Source "ChessBase"]
[SourceDate "2023.11.30"]
[SourceVersion "1"]
[SourceVersionDate "2023.11.30"]
[SourceQuality "1"]
[WhiteTeam "Vienna U18"]
[BlackTeam "Steiermark U18"]
[WhiteTeamCountry "AUT"]
[BlackTeamCountry "AUT"]

1. e4 c5 2. d4 cxd4 3. c3 Nf6 4. e5 Nd5 5. cxd4 Nc6 6. Bc4 Nb6 7. Bb3 d6 8. exd6 Qxd6 9. Nf3 Bg4 10. Bxf7+ Kxf7 11. Ng5+ Ke8 12. Qxg4 Nxd4 13. Na3 Qb4+ 14. Kf1 Nc2 15. Qxb4 Nxb4 16. Ne6 Kf7 17. Nxf8 Rhxf8 18. Ke2 Rac8 19. b3 Nc2 20. Rd1 Nxa1 21. Be3 Nc2 22. Nb5 Nxe3 23. fxe3 a6 24. Nd4 e5 25. Nf5 Kg8 26. Ne7+ Kh8 27. Nxc8 Rxc8 28. Rd6 Na8 29. Re6 Kg8 30. Rxe5 Kf7 31. Kd2 Nb6 32. a4 Kf6 33. Rh5 h6 34. a5 Nd7 35. Rd5 Nc5 36. Rd6+ Ke7 37. Rb6 Rc6 38. Rb4 Ke6 39. e4 Ke5 40. Ke3 Rc7 41. Rc4 Ne6 42. Rb4 Nf4 43. g3 Ne6 44. Rb6 Nc5 45. Rb4 Rd7 46. Rc4 Nxb3 47. h4 Nd4 48. Rc5+ Ke6 49. Rc8 Nc6 50. Re8+ Kf7 51. Rc8 Nxa5 52. e5 Nc6 53. Ke4 Re7 54. Kf4 Nxe5 55. Rc3 Nc6 56. Rb3 b5 57. Rc3 Rc7 58. Ra3 a5 59. Ke4 b4 60. Rf3+ Ke6 61. Kd3 Ne5+ 0-1

[Event "AUT-chT U18 rapid"]
[Site "Vienna"]
[Date "2023.10.29"]
[Round "2.5"]
[White "Radnaev, Leo"]
[Black "Slavskyi, Maksym"]
[Result "1-0"]
[WhiteElo "1792"]
[BlackElo "1295"]
[PlyCount "109"]
[EventDate "2023.10.29"]
[EventType "team-swiss"]
[EventRounds "7"]
[EventCountry "AUT"]
[SourceTitle "CBM 216 Extra"]
[Source "ChessBase"]
[SourceDate "2023.11.30"]
[SourceVersion "1"]
[SourceVersionDate "2023.11.30"]
[SourceQuality "1"]
[WhiteTeam "Vienna U18"]
[BlackTeam "Burgenland U18"]
[WhiteTeamCountry "AUT"]
[BlackTeamCountry "AUT"]

1. e4 e5 2. Nf3 Nf6 3. Nxe5 d6 4. Nf3 Nxe4 5. Nc3 Nf6 6. d4 Be7 7. Bd3 0-0 8. 0-0 Bg4 9. h3 Bh5 10. Bg5 h6 11. Bh4 Nc6 12. Be2 Nd7 13. Bxe7 Qxe7 14. Nd5 Qd8 15. c3 Ne7 16. Nf4 Bg6 17. Bd3 Bxd3 18. Qxd3 Re8 19. Rfe1 Nf6 20. Re2 Qd7 21. Rae1 Ned5 22. Nxd5 Nxd5 23. Qd2 Re7 24. c4 Rxe2 25. Qxe2 Nf6 26. b3 Kf8 27. Qd2 Re8 28. Kf1 Ne4 29. Qd3 Nf6 30. Rxe8+ Qxe8 31. Qe2 Qe4 32. Qxe4 Nxe4 33. Ke1 Ke7 34. a3 c5 35. d5 Kf6 36. Ke2 Kf5 37. Ke3 Ng5 38. Nh4+ Kf6 39. f4 Nh7 40. g4 g5 41. Nf5 gxf4+ 42. Kxf4 Ng5 43. h4 Nh3+ 44. Kg3 Ng1 45. Nxd6 b6 46. Nc8 Ne2+ 47. Kf2 Nd4 48. Nxa7 Nxb3 49. Nc8 Nc1 50. Ke3 Ke5 51. Nxb6 Na2 52. Kd2 Kd4 53. d6 Nc3 54. d7 Ne4+ 55. Kc2 1-0

[Event "AUT-chT U18 rapid"]
[Site "Vienna"]
[Date "2023.10.29"]
[Round "4.5"]
[White "Radnaev, Leo"]
[Black "Theurl, Rafaela"]
[Result "1-0"]
[WhiteElo "1792"]
[BlackElo "1542"]
[PlyCount "67"]
[EventDate "2023.10.29"]
[EventType "team-swiss"]
[EventRounds "7"]
[EventCountry "AUT"]
[SourceTitle "CBM 216 Extra"]
[Source "ChessBase"]
[SourceDate "2023.11.30"]
[SourceVersion "1"]
[SourceVersionDate "2023.11.30"]
[SourceQuality "1"]
[WhiteTeam "Vienna U18"]
[BlackTeam "Kaernten U18"]
[WhiteTeamCountry "AUT"]
[BlackTeamCountry "AUT"]

1. e4 d5 2. exd5 Qxd5 3. c4 Qd8 4. d4 Nf6 5. Nf3 Bg4 6. Be2 e6 7. Nc3 Nc6 8. Be3 Bb4 9. 0-0 h5 10. a3 Bxc3 11. bxc3 Ne4 12. Qd3 f5 13. d5 exd5 14. cxd5 Ne7 15. Rab1 b6 16. c4 Ng8 17. Rfc1 Ngf6 18. Nd4 Qd6 19. Ne6 Rg8 20. Bf4 Qe7 21. Nxc7+ Kd7 22. Nxa8 Rxa8 23. f3 Nc5 24. Qe3 Re8 25. Qxe7+ Rxe7 26. Re1 Bxf3 27. gxf3 h4 28. Bf1 Rf7 29. Bg5 Nh7 30. Bxh4 g5 31. Bf2 g4 32. Bxc5 bxc5 33. Rb7+ Kd6 34. Re6# 1-0

[Event "AUT-ch U14"]
[Site "St Veit"]
[Date "2023.06.09"]
[Round "4"]
[White "Radnaev, Leo"]
[Black "Aboulenein Djamshidian, Aryan"]
[Result "1-0"]
[WhiteElo "1651"]
[BlackElo "1208"]
[PlyCount "109"]
[EventDate "2023.06.08"]
[EventType "swiss"]
[EventRounds "7"]
[EventCountry "AUT"]
[SourceTitle "EXT 2024"]
[Source "ChessBase"]
[SourceDate "2023.10.10"]
[SourceVersion "1"]
[SourceVersionDate "2023.10.10"]
[SourceQuality "1"]

1. e4 c6 2. d4 d5 3. exd5 cxd5 4. c4 Nf6 5. Nc3 Bg4 6. Nf3 Nc6 7. cxd5 Nxd5 8. Qb3 Bxf3 9. gxf3 Nb6 10. Be3 Nxd4 11. Bxd4 Qxd4 12. Bb5+ Nd7 13. Rd1 Qe5+ 14. Ne2 0-0-0 15. Rxd7 Rxd7 16. Bxd7+ Kxd7 17. Qxb7+ Qc7 18. Qd5+ Ke8 19. 0-0 e6 20. Qa8+ Ke7 21. Rc1 Qd7 22. Qb8 Kf6 23. Qf4+ Kg6 24. Qg4+ Kf6 25. Nc3 g6 26. Rd1 Qe8 27. Qd4+ e5 28. Ne4+ Kg7 29. Qxa7 Be7 30. Rd7 Bf6 31. Nd6 Qe6 32. Nxf7 Kf8 33. Nxh8 Ke8 34. Rxh7 e4 35. Qa8+ Bd8 36. Qxe4 Qxe4 37. fxe4 g5 38. b4 Bb6 39. a4 Kd8 40. a5 g4 41. axb6 Kc8 42. Rc7+ Kd8 43. e5 g3 44. Nf7+ Ke8 45. b7 gxf2+ 46. Kxf2 Kf8 47. Nd6 Kg8 48. b8N Kf8 49. Rf7+ Kg8 50. b5 Kh8 51. b6 Kg8 52. b7 Kh8 53. Nd7 Kg8 54. Nf6+ Kh8 55. Rh7# 1-0

[Event "AUT-ch U14"]
[Site "St Veit"]
[Date "2023.06.08"]
[Round "1"]
[White "Isop, Florian Xenon"]
[Black "Radnaev, Leo"]
[Result "0-1"]
[WhiteElo "1214"]
[BlackElo "1651"]
[PlyCount "44"]
[EventDate "2023.06.08"]
[EventType "swiss"]
[EventRounds "7"]
[EventCountry "AUT"]
[SourceTitle "EXT 2024"]
[Source "ChessBase"]
[SourceDate "2023.10.10"]
[SourceVersion "1"]
[SourceVersionDate "2023.10.10"]
[SourceQuality "1"]

1. e4 c5 2. Nc3 e6 3. Bc4 a6 4. Bb3 Nc6 5. d3 Nf6 6. Nf3 Be7 7. Bf4 d5 8. 0-0 0-0 9. h3 b5 10. a3 b4 11. axb4 cxb4 12. exd5 bxc3 13. dxc6 cxb2 14. c7 Qd7 15. Ra2 Bd6 16. Qd2 Qxc7 17. Bh6 gxh6 18. Qxh6 Qd8 19. Ra5 Kh8 20. Rh5 Nxh5 21. Qxh5 Qf6 22. Ba4 Bb7 0-1

[Event "AUT-ch U10"]
[Site "St Veit"]
[Date "2022.06.06"]
[Round "7"]
[White "Klug, Daniel"]
[Black "Radnaev, Leo"]
[Result "0-1"]
[WhiteElo "987"]
[BlackElo "1307"]
[PlyCount "52"]
[EventDate "2022.06.04"]
[EventType "swiss"]
[EventRounds "7"]
[EventCountry "AUT"]
[SourceTitle "EXT 2023"]
[Source "ChessBase"]
[SourceDate "2022.10.05"]
[SourceVersion "1"]
[SourceVersionDate "2022.10.05"]
[SourceQuality "1"]

1. d4 Nf6 2. Nf3 e6 3. c4 b6 4. Nc3 Bb7 5. Bg5 d6 6. e3 Nbd7 7. Be2 h6 8. Bf4 g5 9. Bg3 g4 10. Nh4 h5 11. Bf4 Be7 12. d5 e5 13. Nf5 exf4 14. h3 g3 15. fxg3 fxg3 16. Nxg3 Rg8 17. Rg1 Rxg3 18. Kf2 h4 19. Qd4 Nc5 20. b4 Ncd7 21. Ke1 Nh7 22. Ne4 Bf6 23. Nxf6+ Qxf6 24. Qe4+ Qe5 25. Qxe5+ Nxe5 26. e4 Ng5 0-1